书目信息 |
| 题名: |
高校德育环境建设实践论
|
|
| 作者: | 赵金昭 著 | |
| 分册: | ||
| 出版信息: | 郑州 河南人民出版社 2004.12 |
|
| 页数: | 352页 | |
| 开本: | 22cm | |
| 丛书名: | ||
| 单 册: | ||
| 中图分类: | G641 | |
| 科图分类: | ||
| 主题词: | 教育--各级 | |
| 电子资源: | ||
| ISBN: | 7-215-05669-4 | |
| 000 | 00596nam0 2200193 450 | |
| 001 | 1439543243 | |
| 005 | 20141231110041.75 | |
| 010 | @a7-215-05669-4@dCNY20.00 | |
| 100 | @a20141231d2004 km y0chiy0120 ea | |
| 101 | 0 | @achi |
| 102 | @aCN@b410000 | |
| 200 | 1 | @a高校德育环境建设实践论@Agao xiao de yu huan jing jian she shi jian lun@f赵金昭著@Fzhao jin zhao zhu |
| 210 | @a郑州@c河南人民出版社@d2004.12 | |
| 215 | @a352页@d22cm | |
| 606 | 0 | @a教育@x各级 |
| 690 | @aG641@v4 | |
| 701 | 0 | @a赵金昭@Azhao jin zhao@4著 |
| 801 | 0 | @aCN@b大连网信软件有限公司图书馆·11@c20141231 |
| 905 | @aZUCC@dG641@eZ309 | |
| 高校德育环境建设实践论/赵金昭著.-郑州:河南人民出版社,2004.12 |
| 352页;22cm |
| ISBN 7-215-05669-4:CNY20.00 |
| ● |
| 相关链接 |
|
|
|
正题名:高校德育环境建设实践论
索取号:G641/Z309
 
预约/预借
| 序号 | 登录号 | 条形码 | 馆藏地/架位号 | 状态 | 备注 |
| 1 | 495319 | 204953194 | 社科库409/409社科库 10排3列1层/ [索取号:G641/Z309] | 在馆 |